Nákupno-obchodné centrum
Salvato in:
| Autore principale: | |
|---|---|
| Altri autori: | |
| Natura: | Manoscritto Libro |
| Lingua: | slovacco |
| Pubblicazione: |
2015
|
| Soggetti: | |
| Accesso online: | http://is.stuba.sk/zp/portal_zp.pl?podrobnosti=110682 https://opac.crzp.sk/?fn=detailBiblioForm&sid=78283B71680DBAF21F47D01D22D4 |
| Tags: |
Nessun Tag, puoi essere il primo ad aggiungerne!!
|
MARC
| LEADER | 00000ntm a22000003a 4500 | ||
|---|---|---|---|
| 001 | stuzp50976 | ||
| 003 | SK-STU | ||
| 005 | 20231114084858.1 | ||
| 007 | ta | ||
| 008 | 150427s2015----xo-----f-mn---000-0-slo-d | ||
| 040 | |a STU |b slo | ||
| 041 | 0 | |a slo | |
| 100 | 1 | |a Takáčová, Monika |u 010180 |4 aut |U SvF Stavebná fakulta |T SvF Katedra konštrukcií pozemných stavieb |X 67750 |U V180 |Y 18 |7 A000067750 | |
| 242 | 0 | 1 | |a Shopping mall centre |y eng |
| 245 | 1 | 0 | |a Nákupno-obchodné centrum |
| 260 | |c 2015 | ||
| 650 | 4 | |a Obchodné centrum |2 slo | |
| 650 | 4 | |a trojsklo |2 slo | |
| 650 | 4 | |a vegetačná strecha |2 slo | |
| 650 | 4 | |a simulácia |2 slo | |
| 650 | 4 | |a presklená fasáda |2 slo | |
| 650 | 4 | |a profil |2 slo | |
| 650 | 4 | |a sendvičová konštrukcia |2 slo | |
| 650 | 4 | |a podlažie |2 slo | |
| 650 | 4 | |a svetlík |2 slo | |
| 650 | 4 | |a energetické kritérium |2 slo | |
| 650 | 4 | |a nájomník |2 slo | |
| 650 | 4 | |a skladba |2 slo | |
| 650 | 4 | |a odvetraná fasáda |2 slo | |
| 650 | 4 | |a priehradový nosník |2 slo | |
| 650 | 4 | |a skylights |2 eng | |
| 650 | 4 | |a glass facade |2 eng | |
| 650 | 4 | |a profil |2 eng | |
| 650 | 4 | |a floor |2 eng | |
| 650 | 4 | |a tenant |2 eng | |
| 650 | 4 | |a composition |2 eng | |
| 650 | 4 | |a ventilated facade |2 eng | |
| 650 | 4 | |a truss |2 eng | |
| 650 | 4 | |a vegetation roof |2 eng | |
| 650 | 4 | |a Business center |2 eng | |
| 650 | 4 | |a simulation |2 eng | |
| 650 | 4 | |a sandwich structure |2 eng | |
| 650 | 4 | |a energy criterion |2 eng | |
| 650 | 4 | |a tripple float |2 eng | |
| 700 | 1 | |a Buday, Peter |4 ths |X 962 |7 A000000962 | |
| 856 | 4 | |u http://is.stuba.sk/zp/portal_zp.pl?podrobnosti=110682 | |
| 856 | 4 | |u https://opac.crzp.sk/?fn=detailBiblioForm&sid=78283B71680DBAF21F47D01D22D4 | |
| SQL | |a stuzp50976 |b DDP |c SLO |d Nákupno-obchodné centrum |e 67750 |f Takáčová, Monika |g 010180 |h 962 |i Buday, Peter |j 20150618 |k 8 |l 01 |m http://is.stuba.sk/zp/portal_zp.pl?podrobnosti=110682 |n I-AKP |o 5.1.4. pozemné stavby | ||